LEADER 01149naa a2200241 u 4500 001 000000093032 003 CaOOAMICUS 005 20070226130131.0 008 960109n nyuah u000 u ita u 035 $a10702872 040 $aISV$bita 245 00$aOrigini dell'arte occidentale /$cintroduzione generale di Sir Herbert Read ; testi di Dr. Donald E. Strong ... [et al.]. 260 $aNew York ;$aMontreal :$bGrolier,$c[s.d.] 300 $a246 p. :$bill. (chiefly col.), facsims. ;$c25 cm 500 $aVol. 1 of Il Libro d'arte. 650 0$aArt, Ancient.$2//eng$0(OLS)http://pul/subject/4018 650 0$aArt, Medieval.$2//eng$0(OLS)http://pul/subject/2046 650 0$aArt, Early Christian.$2//eng$0(OLS)http://pul/subject/6771 700 1 $aStrong, Donald Emrys,$d1927-1973.$0(OLS)http://pul/name/59895 700 1 $aRead, Herbert Edward,$cSir,$d1893-1968.$0(OLS)http://pul/name/23225 773 0 $tIl libro d'arte : una enciclopedia illustrata di pittura, disegno e scultura$w()17993 996 $6245$aOrigini dell'arte occidentale$9(OLS)http://pul/title/119891 996 $6260$aNew York ;$aMontreal :$bGrolier$9(OLS)http://pul/publisher/79158 LEADER 01735nam a2200337 a 4500 001 000000142091 003 CaOOAMICUS 005 20150304092657.0 008 150304s2009 vc u000 u fre r 020 $a978-88-209-8318-5 040 $aPUL$bita 041 0 $afre$alat 082 04$a272.2 245 03$aLa censure d'Alfred Loisy (1903) :$bles documents des Congrégations de l'Index et du Saint Office /$cClaus Arnold, Giacomo Losito éditeurs. 260 $aRoma :$bLibreria editrice vaticana,$c2009. 300 $a457 p. ;$c25 cm 490 1 $aFontes Archivi Sancti Officii Romani$aSeries Documentorum Archivi Congregationis pro Doctrina Fidei ;$v04 600 14$aLoisy, Alfred Firmin,$d1857-1940$xCritica e interpretazione.$0(OLS)http://pul/subject/22569 610 24$aCongregatio Sancti Officii.$0(OLS)http://pul/subject/21825 650 4$aInquisizione$zFrancia.$0(OLS)http://pul/subject/29529 700 1 $aLosito, Giacomo.$0(OLS)http://pul/name/62618 700 1 $aArnold, Claus.$0(OLS)http://pul/name/91461 830 0$aFontes Archivi Sancti Officii Romani.$pSeries Documentorum Archivi Congregationis pro Doctrina Fidei ;$v04.$0(OLS)http://pul/title/161700 850 $aPUL 852 $aPUL$W1$xSL Religione 3$y85$m272. 2 ARNCL 1$j164025$qDDC 21$B164096$CPULBib$Z2$F164096 $H112761 $82 941 1 $a9 996 $6020$a978-88-209-8318-5$9(OLS)http://pul/number/157124 996 $6082$a272.2$9(OLS)http://pul/classification/533 996 $6245$aLa censure d'Alfred Loisy (1903) :$bles documents des Congrégations de l'Index et du Saint Office$9(OLS)http://pul/title/179863 996 $6260$aRoma :$bLibreria editrice vaticana$9(OLS)http://pul/publisher/67888